书目信息 |
| 题名: |
分析样品预处理及分离技术
|
|
| 作者: | 杨铁金 主编 | |
| 分册: | ||
| 出版信息: | 北京 化学工业出版社 2007 |
|
| 页数: | 304页 | |
| 开本: | 21cm | |
| 丛书名: | ||
| 单 册: | ||
| 中图分类: | O65 , TQ028 | |
| 科图分类: | ||
| 主题词: | 分析化学 , 分离--化工过程 | |
| 电子资源: | ||
| ISBN: | 978-7-122-00685-1 | |
| 000 | 00992nam0 2200277 450 | |
| 001 | 012004161359 | |
| 005 | 20080303091538.62 | |
| 009 | 012004161359 | |
| 010 | @a978-7-122-00685-1@dCNY28.00 | |
| 035 | @a(110019)012007034566 | |
| 100 | @a20070817d2007 em y0chiy0110 ea | |
| 101 | 0 | @achi |
| 102 | @aCN@b110000 | |
| 105 | @ay z 000yy | |
| 106 | @ar | |
| 200 | 1 | @a分析样品预处理及分离技术@Afen xi yang pin yu chu li ji fen li ji shu@f杨铁金主编 |
| 210 | @a北京@c化学工业出版社@d2007 | |
| 215 | @a304页@d21cm | |
| 330 | @a本书从分析工作的实际出发,介绍了样品的采集、预处理方法;同时对传统的化学分离方法和近几年出现的新型分离方法也作了详细介绍,包括沉淀分离技术、溶剂萃取分离技术、离子交换分离技术、液相色谱分离技术、电泳分离技术、膜分离技术、浮选分离技术和固相萃取及固相微萃取技术。 | |
| 606 | 0 | @a分析化学 |
| 606 | 0 | @a分离@x化工过程 |
| 690 | @aO65@v4 | |
| 690 | @aTQ028@v4 | |
| 701 | 0 | @a杨铁金@Ayang tie jin@4主编 |
| 801 | 0 | @aCN@b110019@c20080303 |
| 905 | @dO65@e141@f4 | |
| 分析样品预处理及分离技术/杨铁金主编.-北京:化学工业出版社,2007 |
| 304页;21cm |
| ISBN 978-7-122-00685-1:CNY28.00 |
| 本书从分析工作的实际出发,介绍了样品的采集、预处理方法;同时对传统的化学分离方法和近几年出现的新型分离方法也作了详细介绍,包括沉淀分离技术、溶剂萃取分离技术、离子交换分离技术、液相色谱分离技术、电泳分离技术、膜分离技术、浮选分离技术和固相萃取及固相微萃取技术。 |
| ● |
| 相关链接 |
|
|
|
|
正题名:分析样品预处理及分离技术
索取号:O65/141
 
预约/预借
| 序号 | 登录号 | 条形码 | 馆藏地/架位号 | 状态 | 备注 |
| 1 | 0614511 | 206145116 | 第二样本阅览室/ [索取号:O65/141] | 在馆 | |
| 2 | 0614512 | 206145125 | 第三借阅区/ [索取号:O65/141] | 在馆 | |
| 3 | 0614513 | 206145134 | 第三借阅区/ [索取号:O65/141] | 在馆 | |
| 4 | 0614514 | 206145143 | 第三借阅区/ [索取号:O65/141] | 在馆 |